<?xml version="1.0" encoding="UTF-8"?>
<record
    xmlns:xsi="http://www.w3.org/2001/XMLSchema-instance"
    xsi:schemaLocation="http://www.loc.gov/MARC21/slim http://www.loc.gov/standards/marcxml/schema/MARC21slim.xsd"
    xmlns="http://www.loc.gov/MARC21/slim">

  <leader>01302nam a2200169 a 4500</leader>
  <datafield tag="020" ind1=" " ind2=" ">
    <subfield code="a">013258252X (paperback)</subfield>
  </datafield>
  <datafield tag="020" ind1=" " ind2=" ">
    <subfield code="a">9780132582520 (paperback)</subfield>
  </datafield>
  <datafield tag="100" ind1="1" ind2=" ">
    <subfield code="a">Jr., Robert E. Owens.</subfield>
  </datafield>
  <datafield tag="245" ind1="1" ind2="0">
    <subfield code="a">Language development :</subfield>
  </datafield>
  <datafield tag="250" ind1=" " ind2=" ">
    <subfield code="a">4th ed.</subfield>
  </datafield>
  <datafield tag="260" ind1=" " ind2=" ">
    <subfield code="a">[S.l.] :</subfield>
    <subfield code="b">Pearson,</subfield>
    <subfield code="c">1996.</subfield>
  </datafield>
  <datafield tag="300" ind1=" " ind2=" ">
    <subfield code="a">504 p. ;</subfield>
  </datafield>
  <datafield tag="490" ind1="1" ind2=" ">
    <subfield code="a">8th edition) (allyn &amp; bacon communication sciences and disorders.</subfield>
  </datafield>
  <datafield tag="520" ind1=" " ind2=" ">
    <subfield code="a">This leading and &#xA0;comprehensive text on language development is rich in information, research, examples, and activities. &#xA0; A thorough and readable introductory text on language development, this book covers all aspects of the complex subject &#x2014;&#xA0;including syntax, morphology, semantics, phonology, and pragmatics &#x2014;&#xA0;while explaining each idea and concept in a way that is easily understandable by even beginning students of the field. Rich in pedagogical aids like discussion questions, chapter objectives, reflections, and main point boxed features, the eighth edition of Language Development also emphasizes culturally and linguistically diverse children and bilingual and dialectical developmental information &#x2014; a discussion that accurately reflects the diversity of life and language in the Unite</subfield>
  </datafield>
  <datafield tag="856" ind1=" " ind2=" ">
    <subfield code="u">http://www.amazon.com/exec/obidos/ASIN/013258252X/chopac</subfield>
  </datafield>
  <datafield tag="942" ind1=" " ind2=" ">
    <subfield code="c">BK</subfield>
  </datafield>
  <datafield tag="999" ind1=" " ind2=" ">
    <subfield code="c">11326</subfield>
    <subfield code="d">11326</subfield>
  </datafield>
  <datafield tag="952" ind1=" " ind2=" ">
    <subfield code="0">0</subfield>
    <subfield code="1">0</subfield>
    <subfield code="4">0</subfield>
    <subfield code="7">0</subfield>
    <subfield code="a">SLELC</subfield>
    <subfield code="b">SLELC</subfield>
    <subfield code="d">2014-10-31</subfield>
    <subfield code="g">2724.00</subfield>
    <subfield code="l">1</subfield>
    <subfield code="o">401.93OWE</subfield>
    <subfield code="p">38709</subfield>
    <subfield code="r">2025-10-27 00:00:00</subfield>
    <subfield code="s">2015-02-16</subfield>
    <subfield code="w">2014-10-31</subfield>
    <subfield code="y">BK</subfield>
  </datafield>
</record>
